| 000 | 01079nam a2200229Ia 4500 | ||
|---|---|---|---|
| 003 | Ost | ||
| 005 | 20260507075332.0 | ||
| 008 | 260507s9999||||xx |||||||||||||| ||und|| | ||
| 040 | _cfsecg | ||
| 041 | _aara | ||
| 082 | _a330 | ||
| 100 |
_aالعبدلي، قحطان _eمؤلف |
||
| 245 | 0 |
_aالتسويق : _bأساسيات و مبادئ / _c قحطان العبدلي |
|
| 260 |
_aعمان: _bدار زهران للنشر والتوزيع, _c2011 |
||
| 300 |
_a380 صفحة؛ _bإيضاحات ؛ _c23 سم |
||
| 520 | _aمقدمة في علم التسويق ، البيئة التسويقية ، دراسة السوق ، سلوك المستهلك ، السلع و الخدمات ، التسغير و الترويج ، التوزيع المادي و قنوات التوزيع ، نظم المعلومات و بحوث التسويق و أخيرا التسويق الدولي | ||
| 653 | _aأدارة المبيعات | ||
| 653 | _aالتسويق | ||
| 653 | _aالتسويق الدولي | ||
| 700 |
_aالعلاق، بشير _eمؤلف ثانوي |
||
| 942 | _cكتاب | ||
| 999 |
_c44019 _d44019 |
||